Pengurusan dari perspektif solat /

Bibliographic Details
Main Author: M. Z. Azmie
Format: Book
Published: Kuala Lumpur: Utusan Publications & Distributors, 2000.
Series:Siri pengurusan utusan
Subjects:
LEADER 00523cam a2200181 7i4500
001 0000016618
005 20151104090000.0
005 ##20151104120200.0
003 ##MY-KlINT
020 # # |a 9676109711  
039 # 9 |y 201511041202  |z VLOAD 
090 0 0 |a 297.6   |b MZA 
100 1 # |a M. Z. Azmie 
245 1 0 |a Pengurusan dari perspektif solat /   |c oleh M. Z. Azmie. 
260 # # |a Kuala Lumpur:   |b Utusan Publications & Distributors,   |c 2000. 
300 # # |a 142 p. 
490 0 # |a Siri pengurusan utusan 
650 # 0 |a Management --   |x Religious aspects --   |x Islam